000 00802nam a22002297a 4500
001 48533
003 BD-RjUL
005 20211209054535.0
008 160814r19731958bg ||||| |||| 00| 0 ben d
020 _c: TK 3.00
035 _a(BD-RjUL)48652
040 _aBD-RjUL
_bben
_cBD-RjUL
041 _aben
082 _223
_a891.442
_bBIO 1973
100 _aবিশ্বাস, প্রসাদ
_9145994
245 1 0 _aঅবিচার :
_bনাটক /
_cপ্রসাদ বিশ্বাস
260 _aবগুড়া :
_bসাহিত্য কু|টির,
_c১৯৫৮ [মুদ্রণ ১৯৭৩]
300 _a১১২ পৃ. ;
_c১৭ সেমি.
650 _aবাংলা নাটক
_9146695
650 _aBengali Drama
_9146696
942 _2ddc
_cBK
999 _c48533
_d48533